A drop of water: a book of science and wonder

Tallennettuna:
Bibliografiset tiedot
Päätekijä: Wick, Walter (Tekijä)
Aineistotyyppi: Kirja
Kieli:englanti
Julkaistu: Nueva York Scholastic Press 1997
Aiheet:
Tagit: Lisää tagi
Ei tageja, Lisää ensimmäinen tagi!

MARC

LEADER 00000nam a2200000 a 4500
001 UCI7428
003 CL-VaPUC
008 080703e19970000US |||||||||||||||||eng|d
020 |a 0590221973 
082 0 4 |a 546.22  |b WIC  |2 21 
100 0 |a Wick, Walter  |e author  |9 530690 
245 1 2 |a A drop of water: a book of science and wonder 
300 |a 40 p 
942 |c BK 
945 |d 20080703 00:00:00  |a rbrito 
260 |a Nueva York  |b Scholastic Press  |c 1997 
650 0 |a Agua  |9 257149 
650 0 |a Fotografías  |9 268494 
650 7 |a EVAPORACION  |2 CL-VaPUC  |9 264095 
650 0 |a Condensación  |9 360886 
583 |a last modification  |c 20080703 00:00:00  |k Rodrigo Vera 
999 |c 330722  |d 330720 
952 |0 0  |1 0  |4 0  |6 546_220000000000000_WIC_1997  |7 0  |8 A  |9 416462  |a BIBALI  |b BIBALI  |c REF  |d 2019-11-22  |i 4454855  |l 1  |o 546.22 WIC 1997  |p 4454855  |r 2025-01-20  |s 2024-05-16  |w 2019-11-22  |y BK_F  |k ALI